| Record ID | ia:gunrunners0000cole |
| Source | Internet Archive |
| Download MARC XML | https://archive.org/download/gunrunners0000cole/gunrunners0000cole_marc.xml |
| Download MARC binary | https://www.archive.org/download/gunrunners0000cole/gunrunners0000cole_meta.mrc |
LEADER: 01878cam 2200469Ma 4500
001 ocn840432249
003 OCoLC
005 20201124092448.0
008 130409s2013 enk 000 f eng d
040 $aUKMGB$beng$cUKMGB$dNZTPP$dYDXCP$dOCLCQ$dOCLCF$dUOJ$dOCLCO$dOCL$dOCLCO$dOCLCA$dOCL$dUKMGB$dNZAUC$dOCLCO
015 $aGBB339364$2bnb
016 7 $a016321384$2Uk
020 $a9781471321313$q(hbk.)
020 $a1471321312$q(hbk.)
035 $a(OCoLC)840432249
082 04 $a813.54$223
100 1 $aCole, Jackson,$eauthor.
245 10 $aGun-runners /$cJackson Cole.
264 1 $aBath :$bGunsmoke,$c2013.
300 $apages cm
336 $atext$btxt$2rdacontent
337 $aunmediated$bn$2rdamedia
338 $avolume$bnc$2rdacarrier
520 $aAgain and again, the ruthless Mexican bandit, Pedro Cortina, and his raiders swooped down onto Lone Star soil and left a wake of robbery, arson and murder, until the Rio ran red with blood. Outnumbered 100 to 1, and with time running out on the men on the side of the law, Ranger Jim Hatfield plunged into savage pursuit of the border killers, to pit his guns and fists against the cruellest foe in Texas.
610 20 $aTexas Rangers$vFiction.
610 27 $aTexas Rangers.$2fast$0(OCoLC)fst00511348
651 0 $aTexas$vFiction.
651 7 $aTexas.$2fast$0(OCoLC)fst01210336
655 0 $aWestern stories.
655 7 $aFiction.$2fast$0(OCoLC)fst01423787
655 7 $aWestern fiction.$2fast$0(OCoLC)fst01726776
655 7 $aWestern fiction.$2lcgft
938 $aYBP Library Services$bYANK$n10448730
029 1 $aAU@$b000051859505
029 1 $aNZ1$b14874822
029 1 $aUKDOR$b128798432
029 1 $aUNITY$b128798432
029 1 $aAU@$b000057374856
029 1 $aUKMGB$b016321384
029 1 $aAU@$b000064785618
994 $aZ0$bP4A
948 $hNO HOLDINGS IN P4A - 67 OTHER HOLDINGS